000 00443nam a2200157Ia 4500
005 20250627021329.0
008 240331s9999 xx 000 0 und d
020 _a9559931202
082 _bAMA
_a363
100 _aAmarasinghe,R
245 0 _aPaschath tsunami deshapalana viyasanaya
260 _aKelaniya
_bUniversal Publishers
_c2005
300 _a163 p .,
500 _aAn analysis of the joint mechanism - political disaster
942 _cL
999 _c5106
_d5106